| 000 | 01520nam0a2200385 i 4500 | ||
|---|---|---|---|
| 001 | RU\NLR\BIBL_A\011440320 | ||
| 005 | 20241103125140.0 | ||
| 010 |
_a9785446514830 _93000 |
||
| 021 |
_aRU _b2017-47063 _93385 |
||
| 035 | _a(RuMoRGB)008925279 | ||
| 035 | _a(NLR Aleph) 011440320 | ||
| 090 |
_a11698387 _c11698387 |
||
| 100 | _a20170718d2017 u y0rusy50 ca | ||
| 101 | 0 |
_arus _deng |
|
| 102 | _aRU | ||
| 105 | _aa|||z|||000yy | ||
| 200 | 1 |
_aСемейная медицина и женское здоровье: историко-художественные аспекты _fС.А. Монахов |
|
| 210 |
_aМосква _cБуки Веди _d2017 |
||
| 215 |
_a79 с. _cил., цв. ил. _d24 |
||
| 300 | _aРез. на англ. яз. | ||
| 316 |
_aЭкз. № 001 _5NLR |
||
| 320 | _aБиблиогр.: с. 78-79 (80 назв.) | ||
| 606 |
_aЖенщины _xЗдоровье _xОтображение в изобразительном искусстве _92133432 _3RU\NLR\AUTH\661590969 |
||
| 606 | 1 |
_aЗемская медицина _92470441 _3RU\NLR\AUTH\661467313 |
|
| 606 |
_aМедицина _xв изобразительном искусстве _92397047 _3RU\NLR\AUTH\661429126 |
||
| 686 |
_aР.в2,0 _2rubbk |
||
| 686 |
_aЩ103(0)-061я6 _2rubbk |
||
| 686 | 1 | _aР120.4 | |
| 686 | 1 | _aР11(28)79 | |
| 686 | 1 | _aЩ103(0)-3 | |
| 700 | 1 |
_aМонахов _bС. А. _gСергей Анатольевич |
|
| 942 | _cBOOK | ||
| 980 | _aNBR | ||